LEADER 01407nam2-2200409---450- 001 990003031930203316 005 20110309134059.0 035 $a000303193 035 $aUSA01000303193 035 $a(ALEPH)000303193USA01 035 $a000303193 100 $a20071211h2005----km-y0itay0103----ba 101 $aita 102 $aIT 105 $a||||||||001yy 200 1 $a<> nuova realtà cooperativa nella dimensione economico aziendale$fLorenzo Lucianetti 210 $aRoma$cRirea$d2005 215 $a95 p.$d24 cm 225 2 $aQuaderni monografici Rirea$v43 300 $aSuppl. di.: Rivista italiana di ragioneria e di economia aziendale, fasc. 5-6/2006 410 0$1001000205078$aQuaderni monografici Rirea$v, 43 606 0 $aCooperative$xGestione 676 $a334.068 700 1$aLUCIANETTI,$bLorenzo$0477253 801 0$aIT$bsalbc$gISBD 912 $a990003031930203316 951 $a334.068 LUC 1 (IRA 18 158)$b14665/43 E.C.$cIRA 18$d00065630 959 $aBK 969 $aECO 979 $aIANNONE$b90$c20071211$lUSA01$h0947 979 $aIANNONE$b90$c20071211$lUSA01$h0955 979 $aIANNONE$b90$c20071211$lUSA01$h1022 979 $aRSIAV1$b90$c20081229$lUSA01$h1135 979 $aPATRY$b90$c20110309$lUSA01$h1319 979 $aPATRY$b90$c20110309$lUSA01$h1340 996 $aNuova realtà cooperativa nella dimensione economico aziendale$91025889 997 $aUNISA LEADER 04423nam 2200937z- 450 001 9910639992403321 005 20231214133140.0 010 $a3-0365-5862-4 035 $a(CKB)5470000001633429 035 $a(oapen)https://directory.doabooks.org/handle/20.500.12854/95778 035 $a(EXLCZ)995470000001633429 100 $a20202301d2022 |y 0 101 0 $aeng 135 $aurmn|---annan 181 $ctxt$2rdacontent 182 $cc$2rdamedia 183 $acr$2rdacarrier 200 10$aCorrosion and Protection of Steels in Marine Environments: State-of-the-Art and Emerging Research Trends 210 $aBasel$cMDPI - Multidisciplinary Digital Publishing Institute$d2022 215 $a1 electronic resource (208 p.) 311 $a3-0365-5861-6 330 $aMarine corrosion is a very ancient topic, as humankind has, since antiquity, struggled with the corrosiveness of seawater to exploit the countless and essential natural resources of the sea. It is also a broad topic because it combines chemical, biological, and mechanical factors. Among the numerous materials used for marine applications, iron-based alloys (i.e., steels) are essential in various industrial domains such as (of course) the naval industry (ships, submarines, etc.), the energy industry (pipelines, offshore platforms, renewable energy devices, etc.), and buildings (seaport structures, bridges, steel reinforcement in concrete, etc.). Marine corrosion is still an issue to this day, and the recent and necessary development of marine renewable energy devices has motivated innovative research. Currently, complete mastery of corrosion issues is a key aspect in the profitability of produced energy. Simultaneously, the requirements for environmentally friendly anticorrosion methods and processes are clearly expressed. Numerous fundamental and recent advances in marine corrosion and protection of steels, including carbon steel, low alloy steel, and stainless steel, can then be noted. This Special Issue is necessary to acknowledge the recent and sudden increase in the understanding of steel corrosion processes in marine environments and the associated optimization of anticorrosion methods. Last but not least, a large part of our cultural heritage lies at the bottom of seas and oceans, and it will definitely be lost if scientific research does not include current and historical concerns as well. 517 $aCorrosion and Protection of Steels in Marine Environments 606 $aTechnology: general issues$2bicssc 606 $aChemical engineering$2bicssc 610 $acarbon steel 610 $aseawater 610 $alocalized corrosion 610 $amagnetite 610 $agreen rust 610 $airon sulfide 610 $amarine corrosion 610 $amagnesium 610 $aX-ray diffraction 610 $areinforcement 610 $acorrosion 610 $achlorides 610 $aprogression 610 $aalkalinity 610 $acracking 610 $ametabarcoding 610 $aMIC 610 $amultispecies 610 $aSRB 610 $amarine 610 $acomposites 610 $aelectrodeposition 610 $asuperhydrophobic coatings 610 $azinc and zinc-alloys 610 $aelectroplating 610 $aaerospace 610 $aepoxy marine coatings 610 $aaccelerated ageing tests 610 $athermal cycling 610 $aEIS 610 $acorrosion degree 610 $asteel 610 $amicrobiologically influenced corrosion 610 $abiofilm 610 $abacterial activity 610 $amooring chain 610 $aSEM 610 $acorrosion fatigue 610 $atwin wire arc spraying 610 $amachine hammer peening 610 $aZnAl4 coating 610 $amarine application 610 $acorrosion protection 610 $acathodic protection 610 $acalcareous deposit 610 $amarine renewable energy 615 7$aTechnology: general issues 615 7$aChemical engineering 700 $aRefait$b Philippe$4edt$01302706 702 $aChaves$b Igor$4edt 702 $aRefait$b Philippe$4oth 702 $aChaves$b Igor$4oth 906 $aBOOK 912 $a9910639992403321 996 $aCorrosion and Protection of Steels in Marine Environments: State-of-the-Art and Emerging Research Trends$93026440 997 $aUNINA